[Event "World Rapid Team 2023"]
[Site "Dusseldorf GER"]
[Date "2023.08.27"]
[Round "8.14"]
[Board "4"]
[White "Kliashtornyi, Arkadii"]
[Black "Stegert, Jonas"]
[Result "1/2-1/2"]
[WhiteElo "1975"]
[BlackElo "1832"]
[WhiteTeam "Chess Wizzards"]
[BlackTeam "Doppelbauer Kiel"]
[WhiteFideId "34119698"]
[BlackFideId "16247965"]
[EventDate "2023.08.26"]

1. d4 d5 2. Nf3 Nf6 3. g3 c5 4. c4 cxd4 5. cxd5 Qxd5 6. Qxd4 Bd7 7. Bg2 Bc6 8.
O-O Qxd4 9. Nxd4 Bxg2 10. Kxg2 e6 11. Nb5 Na6 12. N1c3 Bc5 13. Bf4 O-O 14. Rfd1
Rfd8 15. Rac1 h6 16. e4 Ng4 17. Rc2 Nb4 18. Rcd2 Rxd2 19. Rxd2 e5 20. h3 exf4
21. hxg4 fxg3 22. Kxg3 a6 23. Nc7 Rc8 24. N7d5 Kf8 25. f4 Rd8 26. a3 Nc6 27. b4
Bd4 28. Ne2 Ba7 29. Kf3 Ne7 30. Nec3 Nxd5 31. exd5 Re8 32. Ne4 Ke7 33. Rc2 Kd7
34. Nc5+ Bxc5 35. bxc5 Re1 36. Rb2 Kc7 37. d6+ Kc8 38. Re2 Rxe2 39. Kxe2 Kd7 40.
a4 a5 41. Ke3 Kc6 42. f5 g6 43. Kf4 Kd7 44. fxg6 fxg6 45. Ke5 h5 46. gxh5 gxh5
47. Kf4 b6 48. cxb6 Kxd6 49. Kg5 Kc6 50. Kxh5 Kxb6 51. Kg4 Kc5 52. Kf3 Kb4 53.
Ke2 Kxa4 54. Kd2 Kb3 55. Kc1 Ka2 56. Kc2 a4 57. Kc1 Ka1 58. Kc2 a3 59. Kc1 a2
60. Kc2 1/2-1/2

[Event "World Rapid Team 2023"]
[Site "Dusseldorf GER"]
[Date "2023.08.27"]
[Round "8.14"]
[Board "5"]
[White "Vollbehr, Bjarne"]
[Black "Nechitaylo, Lev"]
[Result "0-1"]
[WhiteElo "1871"]
[BlackElo "1462"]
[WhiteTeam "Doppelbauer Kiel"]
[BlackTeam "Chess Wizzards"]
[WhiteFideId "34606025"]
[BlackFideId "34141383"]
[EventDate "2023.08.26"]

1. d4 d5 2. Nf3 Nc6 3. e3 Nf6 4. c4 e6 5. cxd5 exd5 6. Nc3 Bd7 7. a3 Bd6 8. b4
a6 9. Qb3 Bg4 10. Be2 O-O 11. h3 Bh5 12. Bd2 Be7 13. Ne5 Bxe2 14. Nxc6 bxc6 15.
Nxe2 Ne4 16. Rc1 Nxd2 17. Kxd2 Qd7 18. Rc2 a5 19. Rhc1 axb4 20. Rxc6 Rxa3 21.
Rxc7 Qd6 22. Qb2 b3 23. Ke1 Qb4+ 24. Kf1 Ra2 25. Qc3 b2 26. Qxb4 Bxb4 27. Rd1
Ra1 0-1

[Event "World Rapid Team 2023"]
[Site "Dusseldorf GER"]
[Date "2023.08.27"]
[Round "8.14"]
[Board "6"]
[White "Hladeniuk, Yelyzaveta"]
[Black "Braeutigam, Katerina"]
[Result "0-1"]
[WhiteElo "1362"]
[BlackElo "1884"]
[WhiteTeam "Chess Wizzards"]
[BlackTeam "Doppelbauer Kiel"]
[WhiteFideId "34176128"]
[BlackFideId "16242980"]
[EventDate "2023.08.26"]

1. d4 Nf6 2. c4 e6 3. Nc3 Bb4 4. Bg5 h6 5. Bh4 b6 6. Nf3 Bb7 7. e3 g5 8. Bg3 Ne4
9. Rc1 h5 10. h3 Nxg3 11. fxg3 Bd6 12. Ne2 Qf6 13. Kf2 Rg8 14. g4 hxg4 15. hxg4
Na6 16. a3 e5 17. dxe5 Bxe5 18. Nc3 Nc5 19. Nd5 Ne4+ 20. Kg1 Qd6 21. Nxe5 Qxe5
22. Qd4 Qxd4 23. exd4 O-O-O 24. Ne7+ Kb8 25. Nxg8 Rxg8 26. Rh7 Rf8 27. Rg7 Kc8
28. d5 f6 29. Bd3 Nd6 30. Bf5 Nxf5 31. gxf5 c6 32. dxc6 Bxc6 33. Rd1 Kc7 34. Kf2
Rh8 35. Kg3 Kd8 36. b4 a6 37. Rd2 Ke8 38. Rg6 Kf7 39. Re2 Rh4 40. c5 bxc5 41.
bxc5 Rh1 42. Rb2 Be4 43. Kg4 Rh4+ 44. Kg3 Bxf5 45. Rxf6+ Kxf6 46. Rb6+ Be6 47.
Rxa6 Rc4 48. Ra5 Rc3+ 49. Kh2 Bd5 50. g3 g4 51. a4 Rc1 0-1

[Event "World Rapid Team 2023"]
[Site "Dusseldorf GER"]
[Date "2023.08.27"]
[Round "8.15"]
[Board "2"]
[White "Juegel, Marcel"]
[Black "Peng, Xiang-Tobias"]
[Result "0-1"]
[WhiteElo "2164"]
[BlackElo "2119"]
[WhiteTeam "PhileKhoob Chess Club"]
[BlackTeam "Heilbronn Hustlers"]
[WhiteFideId "24621625"]
[BlackFideId "12964328"]
[EventDate "2023.08.26"]

1. d4 Nf6 2. Nc3 d5 3. Bf4 Bf5 4. f3 e6 5. g4 Bg6 6. h4 h6 7. e3 Nbd7 8. Bd3
Bxd3 9. Qxd3 Bd6 10. Nge2 Qe7 11. O-O-O O-O-O 12. Nb5 Bxf4 13. Nxf4 c6 14. Qc3
Kb8 15. Na3 e5 16. Nd3 e4 17. Nb4 exf3 18. Qb3 Nb6 19. Rhf1 Qe4 20. c4 dxc4 21.
Nxc4 Nxc4 22. Qxc4 Nxg4 23. Rde1 Nh2 24. Rf2 Ng4 25. Rd2 f2 26. Rf1 Nxe3 27. Qe2
Qg2 28. Rxf2 Qg1+ 29. Rd1 Qxd1+ 0-1

[Event "World Rapid Team 2023"]
[Site "Dusseldorf GER"]
[Date "2023.08.27"]
[Round "8.15"]
[Board "3"]
[White "Geshnizjani, Ramin"]
[Black "Kuckling, Hannah"]
[Result "1-0"]
[BlackTitle "WFM"]
[WhiteElo "2141"]
[BlackElo "2057"]
[WhiteTeam "Heilbronn Hustlers"]
[BlackTeam "PhileKhoob Chess Club"]
[WhiteFideId "24633089"]
[BlackFideId "24603660"]
[EventDate "2023.08.26"]

1. e4 Nf6 2. e5 Nd5 3. d4 d6 4. Nf3 Nc6 5. c4 Nb6 6. exd6 cxd6 7. Be2 g6 8. h3
Bg7 9. O-O O-O 10. Be3 e5 11. Nc3 f5 12. dxe5 dxe5 13. Qb3 Kh8 14. Rad1 Qe7 15.
c5 Nd7 16. Nd5 Qf7 17. Ng5 Qg8 18. Nc7 Qxb3 19. axb3 Rb8 20. Nge6 Rf7 21. Nxg7
Kxg7 22. Ne8+ Kh8 23. Nd6 Rg7 24. f4 exf4 25. Bxf4 Nde5 26. Bb5 Be6 27. Bxe5
Nxe5 28. Rde1 Bxb3 29. Rxe5 a6 30. Bc4 Bxc4 31. Nxc4 Rd7 32. Nd6 b6 33. b4 a5
34. bxa5 bxc5 35. Re8+ Rxe8 36. Nxe8 Ra7 37. Ra1 c4 38. Nd6 c3 39. Nb5 1-0

[Event "World Rapid Team 2023"]
[Site "Dusseldorf GER"]
[Date "2023.08.27"]
[Round "8.15"]
[Board "4"]
[White "Bahmani, Koorosh"]
[Black "Diller, Daniel"]
[Result "1/2-1/2"]
[WhiteElo "1873"]
[BlackElo "2120"]
[WhiteTeam "PhileKhoob Chess Club"]
[BlackTeam "Heilbronn Hustlers"]
[WhiteFideId "42576750"]
[BlackFideId "12908983"]
[EventDate "2023.08.26"]

1. Nf3 d5 2. g3 Nf6 3. Bg2 e6 4. c4 d4 5. d3 c5 6. e4 Nc6 7. e5 Nd7 8. Bf4 Be7
9. h4 Rb8 10. O-O a6 11. Nbd2 b5 12. b3 Bb7 13. Re1 bxc4 14. Nxc4 Na5 15. Nfd2
Bxg2 16. Kxg2 Nxc4 17. Nxc4 Nb6 18. Rc1 Nd5 19. Qg4 Nxf4+ 20. Qxf4 O-O 21. Nd2
Qa5 22. Ne4 Rfd8 23. Re2 Rd5 24. h5 h6 25. Nf6+ Bxf6 26. exf6 Qd8 27. fxg7 Rf5
28. Qe4 Kxg7 29. Rh1 Qd5 30. Qxd5 Rxd5 31. Rc2 Kf6 32. Rhc1 Rb5 33. g4 Ke7 34.
Kg3 f5 35. f3 a5 36. Kf4 Kf6 37. Rc4 e5+ 38. Kg3 f4+ 39. Kh4 Kf7 40. Rg1 Rb4 41.
g5 hxg5+ 42. Kxg5 e4+ 43. Kxf4 exd3 44. Ke4 Rxh5 45. Kxd3 a4 46. Rxb4 cxb4 47.
bxa4 Ra5 48. Kxd4 Rxa4 49. Kc4 Rxa2 50. Kxb4 Rf2 51. Rg3 Kf6 52. Kc4 Ke5 53. Kd3
Kf4 1/2-1/2

[Event "World Rapid Team 2023"]
[Site "Dusseldorf GER"]
[Date "2023.08.27"]
[Round "8.15"]
[Board "5"]
[White "Schaefer, Daniel"]
[Black "Shahsanam, Alireza"]
[Result "0-1"]
[WhiteElo "1884"]
[BlackElo "1782"]
[WhiteTeam "Heilbronn Hustlers"]
[BlackTeam "PhileKhoob Chess Club"]
[WhiteFideId "16235088"]
[BlackFideId "12517887"]
[EventDate "2023.08.26"]

1. d4 Nf6 2. c4 c5 3. d5 e5 4. Nc3 d6 5. e4 a6 6. Bd3 g6 7. Nge2 Bg7 8. O-O O-O
9. Rb1 Bg4 10. f3 Bd7 11. a3 a5 12. b3 Nh5 13. Be3 f5 14. b4 axb4 15. axb4 b6
16. exf5 gxf5 17. Qc2 Kh8 18. bxc5 bxc5 19. Rb7 Na6 20. Nb5 Nb4 21. Qb1 Bxb5 22.
cxb5 Qc8 23. Rb6 Nxd5 24. Rc6 Qd7 25. Bd2 Nhf4 26. Nxf4 Nxf4 27. Bxf4 exf4 28.
Kh1 Bd4 29. Ra6 Rab8 30. Qc2 Rf6 31. Rb1 Qf7 32. b6 Qh5 33. b7 Qxh2+ 0-1

[Event "World Rapid Team 2023"]
[Site "Dusseldorf GER"]
[Date "2023.08.27"]
[Round "8.15"]
[Board "6"]
[White "Mirzaiee Rad, Javad"]
[Black "Spiegelberg, Silvia"]
[Result "0-1"]
[WhiteElo "1721"]
[BlackElo "1934"]
[WhiteTeam "PhileKhoob Chess Club"]
[BlackTeam "Heilbronn Hustlers"]
[WhiteFideId "42543819"]
[BlackFideId "24654450"]
[EventDate "2023.08.26"]

1. e4 e5 2. Nf3 Nf6 3. Nxe5 Nxe4 4. d4 d5 5. Bd3 Nd7 6. O-O Nxe5 7. dxe5 Nc5 8.
Be2 Be7 9. Nc3 c6 10. Be3 O-O 11. f4 g6 12. b4 Ne6 13. f5 Bxb4 14. fxe6 Bxc3 15.
exf7+ Rxf7 16. Rxf7 Kxf7 17. Qf1+ Kg8 18. Rd1 Bxe5 19. c4 Be6 20. cxd5 Bxd5 21.
Bf3 Qd6 22. h3 b6 23. Bxd5+ cxd5 24. Qb5 Rd8 25. Bg5 Rd7 26. Rc1 Bd4+ 27. Kh1
Bc5 28. Qe2 Rf7 29. Bh6 Qe7 30. Qg4 Qd7 31. Qe2 d4 32. Qd3 Qf5 33. Qc4 Bd6 34.
Re1 Kh8 35. Re8+ Bf8 36. Qxd4+ Qf6 0-1

[Event "World Rapid Team 2023"]
[Site "Dusseldorf GER"]
[Date "2023.08.27"]
[Round "8.16"]
[Board "1"]
[White "Hagner, Bennet"]
[Black "Rendle, Thomas E"]
[Result "0-1"]
[WhiteTitle "FM"]
[BlackTitle "IM"]
[WhiteElo "2323"]
[BlackElo "2385"]
[WhiteTeam "Mitropa Chess Association"]
[BlackTeam "The Sharks"]
[WhiteFideId "16224477"]
[BlackFideId "408760"]
[EventDate "2023.08.26"]

1. Nf3 d5 2. e3 Nf6 3. c4 c6 4. Nc3 e6 5. b3 Bd6 6. Bb2 O-O 7. Be2 e5 8. cxd5
cxd5 9. Nb5 e4 10. Nfd4 Be5 11. Ne6 fxe6 12. Bxe5 Nc6 13. Bb2 a6 14. Nd4 Qd6 15.
Rc1 Bd7 16. O-O Nb4 17. a3 Nd3 18. Bxd3 exd3 19. Nf3 Ng4 20. h3 Rxf3 21. hxg4
Rf7 22. f4 d4 23. Bxd4 Qxa3 24. g5 Bc6 25. Qg4 Qxb3 26. g6 hxg6 27. Qxg6 Rd8 28.
Kf2 Rxd4 29. exd4 Rf6 30. Qg5 Rf5 31. Qd8+ Rf8 32. Qd6 Qd5 33. Qxd5 Bxd5 34. g3
b5 35. Ra1 Ra8 36. Rfb1 Bc4 37. Ra5 Kf7 38. Ke3 Kf6 39. Rh1 b4 40. Ra4 Rb8 41.
Rb1 a5 42. Rxa5 b3 43. Rb2 Rh8 44. Rc5 Bd5 45. Kxd3 Rh3 46. Rc3 Rxg3+ 47. Ke2
Rg4 48. Ke3 Kf5 49. Rc7 Rg3+ 50. Kf2 Rg2+ 51. Kf1 Rg4 52. Rf7+ Ke4 53. Ke2 Rg2+
54. Kf1 Kf3 55. f5 Bc4+ 56. d3 Bxd3+ 57. Ke1 Rxb2 58. fxe6+ Ke3 0-1

[Event "World Rapid Team 2023"]
[Site "Dusseldorf GER"]
[Date "2023.08.27"]
[Round "8.16"]
[Board "2"]
[White "Roberson, Peter T"]
[Black "Perossa, Nicolas"]
[Result "1-0"]
[WhiteTitle "IM"]
[WhiteElo "2433"]
[BlackElo "2265"]
[WhiteTeam "The Sharks"]
[BlackTeam "Mitropa Chess Association"]
[WhiteFideId "412384"]
[BlackFideId "2850520"]
[EventDate "2023.08.26"]

1. e4 e5 2. Nf3 Nc6 3. Bb5 a6 4. Ba4 Bc5 5. c3 b5 6. Bc2 d6 7. d4 Bb6 8. h3 Nf6
9. O-O h6 10. Be3 O-O 11. Nbd2 Re8 12. Re1 Bb7 13. d5 Ne7 14. Bxb6 cxb6 15. Nf1
Ng6 16. Ne3 Nf4 17. Kh2 Bc8 18. Ng1 Qd7 19. Qf3 Nh7 20. h4 g6 21. g3 Nh5 22. Qe2
Ng7 23. a4 f5 24. exf5 gxf5 25. axb5 Nf6 26. bxa6 f4 27. Ba4 Qe7 28. Bxe8 Qxe8
29. gxf4 exf4 30. Nc4 Qg6 31. Nxb6 Ng4+ 32. Kh1 Bxa6 33. Qf3 Ra7 34. Nc8 Bxc8
35. Rxa7 Bf5 36. Ree7 Be4 37. Rxe4 Qxe4 38. Qxe4 Nxf2+ 39. Kg2 Nxe4 40. Kf3 Nf6
41. c4 Nf5 42. Kxf4 Nxh4 43. b4 Ng2+ 44. Kf5 Nh5 45. b5 Ne3+ 46. Ke6 Nxc4 47.
Rc7 Nf4+ 48. Kd7 Nxd5 49. Ra7 Nc3 50. Rb7 Kf7 51. Kc6+ Ke6 52. Rh7 Ne5+ 53. Kb6
Nd7+ 54. Ka5 Ne5 55. b6 Nd5 56. b7 Ne7 57. Ka6 N5c6 58. Kb6 Nb8 59. Nf3 Nd5+ 60.
Kb5 Ne7 61. Rh8 Nec6 62. Kb6 d5 63. Nd4+ Kd7 64. Nxc6 Nxc6 65. Rh7+ 1-0

[Event "World Rapid Team 2023"]
[Site "Dusseldorf GER"]
[Date "2023.08.27"]
[Round "8.16"]
[Board "3"]
[White "Dordevic, Tom"]
[Black "Moreby, James"]
[Result "0-1"]
[BlackTitle "FM"]
[WhiteElo "1998"]
[BlackElo "2279"]
[WhiteTeam "Mitropa Chess Association"]
[BlackTeam "The Sharks"]
[WhiteFideId "16260503"]
[BlackFideId "427756"]
[EventDate "2023.08.26"]

1. Nf3 d5 2. d4 c6 3. c4 e6 4. e3 Nf6 5. Nc3 Nbd7 6. Bd3 dxc4 7. Bxc4 b5 8. Bd3
Bb7 9. O-O a6 10. Qe2 c5 11. b3 cxd4 12. exd4 Be7 13. Bb2 O-O 14. Rfd1 Nb6 15.
Rac1 Rc8 16. h3 Nbd5 17. Nxd5 Qxd5 18. Qe5 Bd6 19. Qxd5 Nxd5 20. Be4 f6 21. Kf1
a5 22. Ne1 a4 23. bxa4 bxa4 24. a3 Ba6+ 25. Bd3 Rb8 26. Rb1 Bxd3+ 27. Nxd3 Rfc8
28. Rdc1 Rxc1+ 29. Rxc1 Rb3 30. Rc6 Bxa3 31. Bxa3 Rxa3 32. Nc5 Ra1+ 33. Ke2 a3
34. Ra6 a2 35. Ra3 Rb1 0-1

[Event "World Rapid Team 2023"]
[Site "Dusseldorf GER"]
[Date "2023.08.27"]
[Round "8.16"]
[Board "4"]
[White "Purton, Ben J"]
[Black "Peglau, Charis"]
[Result "1-0"]
[BlackTitle "WFM"]
[WhiteElo "2163"]
[BlackElo "2094"]
[WhiteTeam "The Sharks"]
[BlackTeam "Mitropa Chess Association"]
[WhiteFideId "411132"]
[BlackFideId "16219996"]
[EventDate "2023.08.26"]

1. e4 e5 2. Nf3 d6 3. Nc3 Nf6 4. d4 exd4 5. Nxd4 Be7 6. Bc4 Nc6 7. O-O O-O 8. f3
Re8 9. a4 Nxd4 10. Qxd4 Nd7 11. Nd5 Ne5 12. Bb3 Be6 13. f4 Nc6 14. Qd3 Bf6 15.
c3 Bxd5 16. Bxd5 Qd7 17. Re1 Rab8 18. Bb3 Rbd8 19. Be3 a6 20. Rad1 Qc8 21. Bf2
Qg4 22. Bg3 Bh4 23. Bd5 Bxg3 24. hxg3 Rb8 25. Kf2 Ne7 26. Bb3 Qd7 27. e5 Qc6 28.
exd6 Qb6+ 29. Kf1 Qxb3 30. dxe7 Qxa4 31. Qd8 Qb5+ 32. Kg1 g6 33. Qxb8 Rxb8 34.
Rd8+ Rxd8 35. exd8=Q+ Kg7 36. Qd4+ Kh6 37. Qb4 Qd5 38. Qf8+ 1-0

[Event "World Rapid Team 2023"]
[Site "Dusseldorf GER"]
[Date "2023.08.27"]
[Round "8.16"]
[Board "5"]
[White "Peglau, Dora"]
[Black "Ivanov, Elizabeth"]
[Result "1-0"]
[WhiteElo "2052"]
[BlackElo "1601"]
[WhiteTeam "Mitropa Chess Association"]
[BlackTeam "The Sharks"]
[WhiteFideId "16220005"]
[BlackFideId "427284"]
[EventDate "2023.08.26"]

1. e4 e5 2. Bc4 Nc6 3. Nc3 Nf6 4. d3 Bb4 5. Ne2 h6 6. h3 d6 7. Be3 a6 8. a3
Bxc3+ 9. Nxc3 Be6 10. Nd5 Bxd5 11. Bxd5 Nxd5 12. exd5 Ne7 13. c4 c6 14. dxc6
bxc6 15. O-O O-O 16. d4 e4 17. f3 Nf5 18. Qd2 Ng3 19. Rf2 exf3 20. Rxf3 Ne4 21.
Qd3 d5 22. Raf1 Qd7 23. b4 f5 24. Bf4 g5 25. Be5 f4 26. h4 Ng3 27. Qg6+ 1-0

[Event "World Rapid Team 2023"]
[Site "Dusseldorf GER"]
[Date "2023.08.27"]
[Round "8.17"]
[Board "1"]
[White "Niering, Martin"]
[Black "Li, Yunqi"]
[Result "1-0"]
[WhiteElo "2156"]
[BlackElo "1659"]
[WhiteTeam "MagdeBurg and Friends"]
[BlackTeam "Deutsche Schachjugend 2"]
[WhiteFideId "4612817"]
[BlackFideId "34610618"]
[EventDate "2023.08.26"]

1. e4 e6 2. d4 d5 3. e5 c5 4. c3 Nc6 5. Nf3 Bd7 6. Be2 f6 7. O-O Qc7 8. Re1
O-O-O 9. Bf1 fxe5 10. dxe5 h6 11. Na3 a6 12. h4 Nge7 13. Bf4 g6 14. Nc2 Bg7 15.
b4 c4 16. a4 Rdf8 17. Qd2 Nd8 18. Ncd4 b6 19. Bg3 Nf5 20. Nxf5 gxf5 21. Bf4 Be8
22. a5 b5 23. Be3 Bh5 24. Bb6 Qd7 25. Bxd8 Bxf3 26. Bf6 Rhg8 27. Qe3 Bh5 28.
Qc5+ Qc7 29. Qb6 Qxb6 30. axb6 Kb7 31. Be7 Rf7 32. Bd6 Bf8 33. Ra2 Kxb6 34. Kh2
Rd7 35. Bc5+ 1-0

[Event "World Rapid Team 2023"]
[Site "Dusseldorf GER"]
[Date "2023.08.27"]
[Round "8.17"]
[Board "2"]
[White "Lorenz, Veronika"]
[Black "Kuhne, Detlev"]
[Result "0-1"]
[WhiteElo "1668"]
[BlackElo "2050"]
[WhiteTeam "Deutsche Schachjugend 2"]
[BlackTeam "MagdeBurg and Friends"]
[WhiteFideId "16277406"]
[BlackFideId "4642872"]
[EventDate "2023.08.26"]

1. e4 Nf6 2. e5 Nd5 3. c4 Nb6 4. d4 d6 5. f4 dxe5 6. fxe5 Nc6 7. Be3 Bf5 8. Nc3
e6 9. Nf3 Qd7 10. Be2 O-O-O 11. O-O Be7 12. a4 a5 13. Nb5 Nb4 14. Rc1 Kb8 15. d5
exd5 16. Nxc7 Qxc7 17. cxd5 Nc6 18. d6 Bxd6 19. exd6 Rxd6 20. Bf4 Rxd1 21. Bxc7+
Kxc7 22. Rfxd1 Nxa4 23. b3 Nb6 24. Nd4 Bd7 25. Bf3 Re8 26. Nb5+ Kb8 27. Nd6 Re3
28. Rd2 Rxb3 29. Nxb7 Kxb7 30. Rxd7+ Nxd7 31. Bxc6+ Kb6 32. Bxd7 Rd3 33. Rb1+
Kc7 34. Bf5 Rd8 35. Bxh7 g6 36. Rf1 Rd7 37. Bg8 f5 38. Ra1 Kb6 39. Rb1+ Kc5 40.
Be6 Rd6 41. Bf7 a4 42. Ra1 Kb4 43. Kf2 Rd2+ 44. Kf3 g5 45. Bg6 Rd5 46. Bf7 Re5
47. Bg6 a3 48. g4 f4 49. Be4 Kb3 50. Bg6 Kb2 51. Rd1 Re3+ 52. Kf2 Rc3 53. Rd2+
Kc1 54. Ra2 Rh3 55. Kg2 Rc3 56. Bf7 Rd3 57. Be6 Re3 58. Bg8 Rd3 59. Bf7 Rc3 60.
Bd5 Rd3 61. Bc4 Rc3 62. Bf7 Re3 63. Rf2 Rc3 64. Rf1+ Kb2 65. Rf2+ Kc1 66. Rf1+
Kb2 67. Rf3 Rc7 68. Be6 Rc6 69. Bd5 Rc5 70. Bg8 Rc8 71. Bf7 Rc7 72. Rf2+ Kc3 73.
Ba2 Rb7 74. h3 Rd7 75. h4 gxh4 76. Kh3 Rd2 77. Rxd2 0-1

[Event "World Rapid Team 2023"]
[Site "Dusseldorf GER"]
[Date "2023.08.27"]
[Round "8.17"]
[Board "3"]
[White "Berndt, Matthias"]
[Black "Mueller, Konstantin"]
[Result "1-0"]
[WhiteElo "2072"]
[BlackElo "1696"]
[WhiteTeam "MagdeBurg and Friends"]
[BlackTeam "Deutsche Schachjugend 2"]
[WhiteFideId "4622839"]
[BlackFideId "34661778"]
[EventDate "2023.08.26"]

1. e4 c5 2. Nc3 Nc6 3. g3 Nf6 4. Bg2 e6 5. f4 d5 6. e5 Nd7 7. d3 Be7 8. Nf3 O-O
9. O-O f6 10. exf6 Nxf6 11. Re1 d4 12. Ne4 Nxe4 13. Rxe4 Qd5 14. Qe2 Bf6 15. Bd2
Re8 16. Ng5 Bxg5 17. fxg5 e5 18. Rh4 Qf7 19. Rf1 Qe7 20. Qh5 g6 21. Bd5+ Kh8 22.
Qxg6 Be6 23. Bxe6 Qg7 24. Qxg7+ Kxg7 25. Rf7+ Kg6 26. Rh6# 1-0

[Event "World Rapid Team 2023"]
[Site "Dusseldorf GER"]
[Date "2023.08.27"]
[Round "8.17"]
[Board "4"]
[White "Czaeczine, Paula"]
[Black "Domsgen, Bernd"]
[Result "0-1"]
[WhiteElo "1588"]
[BlackElo "1917"]
[WhiteTeam "Deutsche Schachjugend 2"]
[BlackTeam "MagdeBurg and Friends"]
[WhiteFideId "16249305"]
[BlackFideId "24629073"]
[EventDate "2023.08.26"]

1. e4 c5 2. Nf3 Nc6 3. d4 cxd4 4. Nxd4 d6 5. Nc3 g6 6. Be3 Bg7 7. Qd2 Nf6 8. f3
O-O 9. g4 d5 10. Nxc6 bxc6 11. exd5 Nxd5 12. Bd4 e5 13. Bc5 Nxc3 14. bxc3 Qxd2+
15. Kxd2 Rd8+ 16. Bd3 Bxg4 17. fxg4 e4 18. Rhe1 exd3 19. cxd3 Rd5 20. d4 h5 21.
h3 a5 22. Re2 Rad8 23. Kc2 Bf8 24. Bxf8 Kxf8 25. Rf1 hxg4 26. hxg4 c5 27. Ref2
R8d7 28. dxc5 Rxc5 29. Rf6 Kg7 30. Ra6 Kh6 31. Rf4 Kg5 32. Ra4 Rdd5 33. Ra7 f5
34. gxf5 gxf5 35. Rg7+ Kf6 36. Rg8 Re5 37. Kd3 Rcd5+ 38. Rd4 Rb5 39. Rf8+ Ke7
40. Rfd8 f4 41. Rh8 Rf5 42. Rh7+ Kf6 43. Rdd7 f3 44. Rhf7+ Kg5 45. Rg7+ Kh4 46.
Rh7+ Kg3 47. Rhg7+ Rg5 48. Rdf7 f2 49. Rxg5+ Rxg5 50. c4 Kg2 51. Kd4 f1=Q 52.
Rxf1 Kxf1 53. c5 Ke2 54. c6 Kd2 55. c7 Rg8 56. Kc5 Kc2 57. Kb6 Rc8 58. Kb7 Rxc7+
59. Kxc7 Kb2 60. Kb6 a4 61. Kb5 a3 62. Kb4 Kxa2 0-1

[Event "World Rapid Team 2023"]
[Site "Dusseldorf GER"]
[Date "2023.08.27"]
[Round "8.17"]
[Board "5"]
[White "Giebel, Christine"]
[Black "Bohatyrova, Mariia"]
[Result "0-1"]
[WhiteElo "1830"]
[BlackElo "1398"]
[WhiteTeam "MagdeBurg and Friends"]
[BlackTeam "Deutsche Schachjugend 2"]
[WhiteFideId "12926418"]
[BlackFideId "34165789"]
[EventDate "2023.08.26"]

1. e4 e5 2. Nf3 Nc6 3. d4 exd4 4. Nxd4 Bc5 5. Be3 Bb6 6. Be2 d5 7. Nxc6 bxc6 8.
Bxb6 axb6 9. O-O Nf6 10. exd5 cxd5 11. Bf3 O-O 12. c4 Be6 13. Nc3 c6 14. a3 Rc8
15. cxd5 Nxd5 16. Qc2 Nxc3 17. Qxc3 Qc7 18. Rac1 c5 19. Rfe1 Rfd8 20. Rcd1 h6
21. h3 Qf4 22. Bb7 Rb8 23. Bc6 Qc7 24. Qf3 Rxd1 25. Rxd1 Rd8 26. Ba4 Rxd1+ 27.
Qxd1 Qb8 28. Bc2 Qc7 29. Qd3 g6 30. Qe3 Kh7 31. h4 h5 32. g3 Qd7 33. Qg5 Kg7 34.
Qe3 Qd5 35. Qe4 Qxe4 36. Bxe4 Kf6 37. f3 Ke5 38. Kf2 Kd4 39. Ke2 Kc4 40. Bc2 Kd4
41. Kd2 Bd5 42. f4 Be6 43. Bd1 c4 44. Bf3 Bf5 45. Bc6 Be6 46. Bb5 Ke4 47. Kc3
Kf3 48. Bxc4 Kxg3 49. Bxe6 fxe6 50. Kc4 Kxf4 51. Kb5 e5 52. Kxb6 e4 53. a4 e3
54. a5 e2 55. a6 e1=Q 56. a7 Qb4+ 57. Kc7 Qe7+ 58. Kb8 Qd8+ 59. Kb7 Qd5+ 60. Kb8
Qb5+ 61. Kc8 Qxb2 62. a8=Q Qh8+ 63. Kb7 Qxa8+ 0-1

[Event "World Rapid Team 2023"]
[Site "Dusseldorf GER"]
[Date "2023.08.27"]
[Round "8.18"]
[Board "1"]
[White "Lux, Hugo de Melo"]
[Black "Kraus, Sebastian"]
[Result "1-0"]
[WhiteTitle "FM"]
[WhiteElo "2324"]
[BlackElo "1904"]
[WhiteTeam "Ecole Polytechnique Francaise de Lausanne"]
[BlackTeam "Unischach Bayreuth"]
[WhiteFideId "2138298"]
[BlackFideId "24690260"]
[EventDate "2023.08.26"]

1. e4 e5 2. Qh5 Nc6 3. Bc4 g6 4. Qf3 Nf6 5. Ne2 Bg7 6. d3 O-O 7. Nbc3 Nd4 8.
Nxd4 exd4 9. Nd5 Nxd5 10. Bxd5 c6 11. Bb3 d5 12. exd5 cxd5 13. O-O Be6 14. Re1
a5 15. a4 Rc8 16. Qg3 Re8 17. Bg5 Bf6 18. h4 Kg7 19. Qf4 b6 20. Re2 Rh8 21. Bh6+
Kg8 22. Bxd5 1-0

[Event "World Rapid Team 2023"]
[Site "Dusseldorf GER"]
[Date "2023.08.27"]
[Round "8.18"]
[Board "2"]
[White "Braun, Kristin"]
[Black "Pak, Alexander"]
[Result "0-1"]
[WhiteElo "1906"]
[BlackElo "2170"]
[WhiteTeam "Unischach Bayreuth"]
[BlackTeam "Ecole Polytechnique Francaise de Lausanne"]
[WhiteFideId "24656534"]
[BlackFideId "4164717"]
[EventDate "2023.08.26"]

1. e4 c5 2. Nf3 Nc6 3. d4 cxd4 4. Nxd4 Nf6 5. Nc3 e5 6. Ndb5 d6 7. Bg5 a6 8. Na3
b5 9. Nd5 Be7 10. Bxf6 Bxf6 11. c3 Bg5 12. Be2 O-O 13. O-O Ne7 14. c4 Nxd5 15.
Qxd5 Be6 16. Qd3 b4 17. Nc2 a5 18. b3 Qb6 19. Rfd1 Rad8 20. a3 f5 21. Bf3 bxa3
22. Rxa3 Kh8 23. Ne3 g6 24. Nd5 Qc5 25. Rda1 fxe4 26. Qxe4 Bf5 27. Qe1 Qd4 28.
Rd1 Qb2 29. Rda1 e4 30. Be2 Be6 31. R1a2 Qd4 32. Nc7 Rxf2 33. Nxe6 Rxe2+ 34.
Nxd4 Rxe1+ 35. Kf2 Rd1 36. Ne6 Bh4+ 37. g3 Re8 38. Nc7 Rc8 39. Nd5 Bd8 40. Re2
Rb1 41. Rxe4 Rb2+ 42. Kg1 Kg7 43. Re3 Bg5 44. Rd3 Re8 45. Rf3 Re1+ 46. Rf1 Ree2
47. Nf4 Bxf4 48. Rxf4 Rg2+ 49. Kf1 Rxh2 50. Kg1 Rhg2+ 51. Kf1 Rgc2 52. Kg1 Rg2+
53. Kf1 Rxg3 54. Rxa5 Rgxb3 55. Ra7+ Rb7 56. Ra6 Rc2 57. Re4 Rb1+ 58. Re1 Rxe1+
59. Kxe1 Rxc4 60. Rxd6 Rf4 61. Rd7+ Kh6 62. Rd3 g5 63. Ke2 Kg6 64. Ke3 h5 65.
Rd6+ Rf6 66. Rd8 h4 67. Rh8 Rf4 68. Ke2 Kf5 69. Ke3 Kg4 70. Ke2 Kg3 0-1